000 00650nam a2200193 i 4500
001 95568
003 ES-MaACL
005 20250702060045.0
007 t|
008 050531s1915 sp ||||1| spa d
100 1 _aLlopis y Pérez, Antonio.
_972846
245 1 0 _aHistoria política y parlamentaria de Don Nicolás Salmerón y Alonso... /
_cpor Antonio Llopis y Perez.
260 _aMadrid :
_b[s.n.],
_c1915 (
_fImp. de Ediciones España)
300 _aXVI, 844 p. ;
_c26 cm.
600 1 4 _aSalmerón y Alonso, Nicolás,
_d1838-1908
_9101996
651 7 _aEspaña-
_xHistoria-
_yS.XIX
_2
_9142005
852 _aES-MaACL
_jF-742
999 _c95568
_d95568